000 00213 a2200097 4500
001 25172
100 _aHuang, T C
245 _aEngineering mechanics Vol I
260 _a
_bAddison Wesley
_c
090 _c16961
_d16961
942 _aNUST-CAE
_cM
_c7737
999 _c260245
_d260245